Państwa z przynajmniej dwoma literami „U” - Statystyki

Ogólne statystyki
  • Ten quiz został rozwiązany 265 razy
  • Średni wynik to 5 z 11
Statystyki odpowiedzi
Państwo % Poprawnych
Urugwaj
85%
Republika Południowej Afryki
55%
Rumunia
50%
Burundi
46%
Luksemburg
46%
Nauru
45%
Tuvalu
45%
Vanuatu
43%
Sudan Południowy
42%
Antigua i Barbuda
35%
Mauritius
28%
Nie znaleziono quizów pasujących do podanych kryteriów
Rozkład punktacji
Procent ludzi z każdym wynikiem
Percentyl według liczby udzielonych odpowiedzi
Twoja historia wyników
Nie rozwiązałeś tego quizu